000
00357nam a2200157Ia 4500
003
OSt
005
20240108124733.0
008
170524s9999 xx 000 0 und d
020
_a
0074633767
040
_c
IIMT UNIVERSITY
100
_a
Stout- Rick
245
4
_a
The World Wide Web Complete Reference
260
_b
TMH
260
_c
1997
942
_2
ddc
_c
02
999
_c
5246
_d
5246